00315nam a22000857a 4500008004100000082002100041245009900062260006000161300000800221230629b xxu||||| |||| 00| 0 eng d a338.92bKAY 2002 aPolicy-Induced Local Sourcing of Raw Materials and Technology Development in Nigerian Industry aKenyabAfrican Technology Policy Studies Networkc2002 a59p